El deslinde competencial entre el Tribunal Supremo de Elecciones y la Sala Constitucional: una historia inconclusa en cuatro capítulos /
Αποθηκεύτηκε σε:
| Κύριος συγγραφέας: | |
|---|---|
| Μορφή: | Κείμενο |
| Ετικέτες: |
Προσθήκη ετικέτας
Δεν υπάρχουν, Καταχωρήστε ετικέτα πρώτοι!
|
MARC
| LEADER | 00000 a a2200000 04500 | ||
|---|---|---|---|
| 001 | 47915 | ||
| 003 | |||
| 040 | |||
| 100 | |a Sobrado González, Luis Antonio | ||
| 245 | |a El deslinde competencial entre el Tribunal Supremo de Elecciones y la Sala Constitucional: |b una historia inconclusa en cuatro capítulos / |c Luis Antonio Sobrado González | ||
| 773 | |g número12, (2011), páginas 251-260 | ||
| 999 | |c 29371 |d 29371 | ||
